Score 0/29 Timer 03:00
2 Plays Today
Hint 4-Letter Word % Correct
Close to🌗 NEAR 🌗
94.4%
Lacking light
[Rung 1][Rung 8]: 1987 vampire cult film
🌗 DARK 🌗
92.7%
Don't do this up the wrong treeBARK
92.2%
Navy or lima, e.g.BEAN
89.6%
Go from solid to liquidMELT
88.3%
50%
[Rung 8][Rung 15]: With 'The', King book
🌗 HALF 🌗
88%
Swiss capitalBERN
87.8%
Up to capacity
[Rung 15][Rung 18]: Optimist's glass
🌗 FULL 🌗
87.5%
Apollo destination
[Rung 18][Rung 24]: Lupin's boggart
🌗 MOON 🌗
86.4%
SensedFELT
85.5%
Cut down a treeFELL
84.3%
An ignoramus is born in one?BARN
83.7%
Clue(do) roomHALL
83.5%
Formal danceBALL
82.4%
Unwanted nut partHULL
81.9%
Hint 4-Letter Word % Correct
Shed an outer layerMOLT
81.7%
Like a no longer relevant pointMOOT
81.1%
Musty, damp, and chillyDANK
80.6%
Crooner Martin or Superman Cain, e.g.DEAN
80%
Israelites made a golden oneCALF
77.7%
Illegal move toward the plateBALK
77.6%
Letter openerDEAR
75.8%
It's on the seasideBANK
75.5%
Alternative to 'Raise' or 'Fold'CALL
74.9%
Architectural support
[Rung 24][Rung 29]: Night light
🌗 BEAM 🌗
61.1%
Real godsendBOON
60.5%
Black, brown, or sunBEAR
55.4%
Ruffian; rapscallionBOOR
44.7%
Calydonian critterBOAR
43.1%

Today's Daily Dose

Remove Ads.
Support Sporcle.
Get the best of Sporcle when you Go Orange. This ad-free experience offers more features, more stats, and more fun while also helping to support Sporcle. Thank you for becoming a member.

You're not logged in!

Compare scores with friends on all Sporcle quizzes.
OR
Log In

Show Comments

Extras

Top Quizzes Today


Score Distribution

Your Account Isn't Verified!

In order to create a playlist on Sporcle, you need to verify the email address you used during registration. Go to your Sporcle Settings to finish the process.

Report this User

Report this user for behavior that violates our Community Guidelines.

Details: